000 00753nam a2200229 a 4500
999 _c11288
_d11288
001 11288
003 BD-JhCC
005 20220209134020.0
008 190622s20152018bg a|||| ||a| 000 0 ben d
020 _a9847009602771
035 _a(BD-JhCC)11288
040 _aBD-JhCC
_dBD-JhCC
041 _aben
082 _a891.443
_bIQB 2018
100 _aইকবাল, মুহম্মদ জাফর
245 _aগ্রামের নাম কাঁকনডুবি /
_cমুহম্মদ জাফর ইকবাল ।
260 _aঢাকা:
_bতাম্রলিপি;
_c২০১৮.
300 _a২৫৬ পৃ. :
_bill;
_c২২ সেমি.
650 _aBengali Novel
942 _2ddc
_cBK
_06